00413nam a2200157Ia 4500008004100000040001900041041001200060082002000072100001700092245004800109260003200157300002300189650001100212651001400223850001800237131103s9999 xx 000 0 und d aLoreto College aEnglish a922/PESbLCLIB/ aSimon, Boris aAbbe Pierre and the ragpickerscBoris Simon aLondonbHarvill pressc1955 avii,200p. c 22cm. aPierre aBiography aLCLIB/922/PIE